| 000 | 00555nam a22001817a 4500 | ||
|---|---|---|---|
| 003 | dpl | ||
| 005 | 20180806143219.0 | ||
| 008 | 180728b xxu||||| |||| 00| 0 eng d | ||
| 020 |
_a817541118 _c0.00 |
||
| 035 | _aB-098778, B-098780 | ||
| 040 |
_aDPL _bEN _c0 |
||
| 082 | _a324.60954 | ||
| 245 |
_aNational Resurgence Through Electrol Reforms/ _cedited by Subhash C Kashyap |
||
| 260 |
_aDelhi _bShipra Publications _c2002 |
||
| 300 |
_avii;298p; _c23cm.(hbk) |
||
| 500 | _aincludes annexure, index | ||
| 942 |
_2ddc _cEN _h324.60954 _mNAT |
||
| 999 |
_c155059 _d155059 |
||